[Event "Voronezh op-A 21st"]
[Site "Voronezh"]
[Date "2017.06.13"]
[Round "2"]
[White "Vinogradov, Anatoly"]
[Black "Mendonca, Leon Luke"]
[Result "1/2-1/2"]
[WhiteElo "2309"]
[BlackElo "2174"]
[PlyCount "80"]
[EventDate "2017.06.12"]
[EventType "swiss"]
[EventRounds "9"]
[EventCountry "RUS"]
[SourceTitle "EXT 2018"]
[Source "ChessBase"]
[SourceDate "2017.10.13"]
[SourceVersion "1"]
[SourceVersionDate "2017.10.13"]
[SourceQuality "1"]

1. d4 Nf6 2. c4 e6 3. Nc3 Bb4 4. Qb3 c5 5. dxc5 Nc6 6. Nf3 Ne4 7. Bd2 Nxd2 8. Nxd2 0-0 9. e3 Bxc5 10. Be2 b6 11. 0-0 f5 12. Nf3 Bb7 13. Rad1 Rf7 14. Nb5 Qf6 15. Qc3 Qe7 16. Nbd4 f4 17. Nxc6 Bxc6 18. Ne5 Rf5 19. Nxc6 dxc6 20. e4 Rff8 21. e5 Rad8 22. Bf3 Rxd1 23. Rxd1 Rd8 24. Rd3 Rxd3 25. Qxd3 Qc7 26. Qe4 Qd7 27. Qxf4 Qd4 28. Qxd4 Bxd4 29. Bxc6 Bxb2 30. f4 Bc1 31. g3 g5 32. fxg5 Bxg5 33. Kf2 Bc1 34. Kf3 Bb2 35. Ke4 Kf7 36. Ba4 h6 37. Bd7 Ke7 38. Bc8 Kf7 39. Kf4 Bc3 40. a4 a5 1/2-1/2

[Event "Voronezh op-A 21st"]
[Site "Voronezh"]
[Date "2017.06.12"]
[Round "1"]
[White "Kryakvin, Dmitry"]
[Black "Vinogradov, Anatoly"]
[Result "1-0"]
[WhiteElo "2572"]
[BlackElo "2309"]
[PlyCount "89"]
[EventDate "2017.06.12"]
[EventType "swiss"]
[EventRounds "9"]
[EventCountry "RUS"]
[SourceTitle "CBM 179 Extra"]
[Source "ChessBase"]
[SourceDate "2017.08.23"]
[SourceVersion "1"]
[SourceVersionDate "2017.08.23"]
[SourceQuality "1"]

1. c4 e6 2. Nc3 d5 3. d4 Be7 4. Nf3 Nf6 5. cxd5 exd5 6. Qc2 c6 7. Bg5 Nbd7 8. e3 0-0 9. Bd3 Re8 10. 0-0 Nf8 11. h3 Be6 12. Bf4 Rc8 13. Rab1 N6d7 14. Na4 c5 15. dxc5 Nxc5 16. Nxc5 Bxc5 17. Qd2 Ng6 18. Bg3 Qf6 19. Bb5 Red8 20. Nd4 Bxd4 21. exd4 Bf5 22. Rbc1 Qb6 23. Be2 h6 24. Rfd1 Re8 25. Bf3 Be6 26. b4 Ne7 27. Rc5 Nf5 28. Be5 Nh4 29. Bh5 Nf5 30. Rdc1 Rxc5 31. bxc5 Qc6 32. Rc3 b6 33. g4 Nh4 34. g5 g6 35. gxh6 Kh7 36. Qg5 Nf5 37. Bg4 Rg8 38. Qf6 Nxh6 39. Bf4 g5 40. Be5 Qc8 41. Bh5 bxc5 42. dxc5 Qb7 43. Rb3 Qa6 44. Rb8 Bc8 45. Bg6+ 1-0

[Event "Voronezh School op"]
[Site "Voronezh"]
[Date "2015.05.19"]
[Round "1"]
[White "Vinogradov, Anatoly"]
[Black "Stepanischev, Gregory"]
[Result "1-0"]
[WhiteElo "2261"]
[BlackElo "1905"]
[PlyCount "57"]
[EventDate "2015.05.19"]
[EventType "swiss"]
[EventRounds "9"]
[EventCountry "RUS"]
[SourceTitle "EXT 2016"]
[Source "ChessBase"]
[SourceDate "2015.10.08"]
[SourceVersion "1"]
[SourceVersionDate "2015.10.08"]
[SourceQuality "1"]

1. d4 Nf6 2. c4 g6 3. Nc3 Bg7 4. e4 d6 5. Be2 0-0 6. Be3 Nc6 7. d5 Ne5 8. h3 b6 9. Nf3 Nxf3+ 10. Bxf3 Nd7 11. Be2 e5 12. g4 a5 13. Qd2 Nc5 14. 0-0-0 Bd7 15. h4 f6 16. h5 g5 17. h6 Bh8 18. f3 Be8 19. Qc2 a4 20. Kd2 a3 21. b3 Bg6 22. b4 Na6 23. Rb1 Nb8 24. Rb3 c6 25. Qc1 b5 26. cxb5 cxd5 27. Nxd5 Nd7 28. Rxa3 Bf7 29. Rxa8 1-0

[Event "Voronezh-ch op2"]
[Site "Voronezh"]
[Date "2015.04.07"]
[Round "5.1"]
[White "Kostin, Alexey"]
[Black "Vinogradov, Anatoly"]
[Result "1-0"]
[WhiteElo "2257"]
[BlackElo "2235"]
[PlyCount "43"]
[EventDate "2015.04.02"]
[EventType "swiss"]
[EventRounds "9"]
[EventCountry "RUS"]
[SourceTitle "EXT 2022"]
[Source "ChessBase"]
[SourceDate "2021.10.06"]
[SourceVersion "1"]
[SourceVersionDate "2021.10.06"]
[SourceQuality "1"]

1. e4 e6 2. d4 d5 3. Nc3 Nf6 4. Bg5 Bb4 5. e5 h6 6. Bd2 Bxc3 7. bxc3 Ne4 8. Qg4 g6 9. Bd3 Nxd2 10. Kxd2 c5 11. h4 h5 12. Qf4 Qe7 13. Nf3 Bd7 14. Ng5 Bc6 15. Rh3 Nd7 16. Rf3 cxd4 17. cxd4 Rf8 18. Nxf7 Rxf7 19. Bxg6 Qb4+ 20. Kd1 0-0-0 21. Bxf7 Rf8 22. Qd2 1-0

[Event "Voronezh School Rating 03"]
[Site "Voronezh"]
[Date "2015.03.18"]
[Round "5.1"]
[White "Vinogradov, Anatoly"]
[Black "Klimentov, Evgeny"]
[Result "1/2-1/2"]
[WhiteElo "2184"]
[BlackElo "2085"]
[PlyCount "26"]
[EventDate "2015.03.13"]
[EventType "swiss"]
[EventRounds "9"]
[EventCountry "RUS"]
[SourceTitle "EXT 2018"]
[Source "ChessBase"]
[SourceDate "2017.10.13"]
[SourceVersion "1"]
[SourceVersionDate "2017.10.13"]
[SourceQuality "1"]

1. d4 Nf6 2. c4 g6 3. Nc3 Bg7 4. e4 d6 5. Be2 0-0 6. Be3 c5 7. e5 dxe5 8. dxe5 Qxd1+ 9. Rxd1 Ng4 10. Bxc5 Nxe5 11. Nd5 Nbc6 12. b3 Bf5 13. Nf3 Rfd8 1/2-1/2

[Event "Voronezh School Rating"]
[Site "Voronezh"]
[Date "2014.11.23"]
[Round "3.4"]
[White "Vinogradov, Anatoly"]
[Black "Kozlov, Sergej A"]
[Result "1/2-1/2"]
[WhiteElo "2108"]
[BlackElo "2048"]
[PlyCount "33"]
[EventDate "2014.11.21"]
[EventType "tourn"]
[EventRounds "9"]
[EventCountry "RUS"]
[SourceTitle "EXT 2018"]
[Source "ChessBase"]
[SourceDate "2017.10.13"]
[SourceVersion "1"]
[SourceVersionDate "2017.10.13"]
[SourceQuality "1"]

1. d4 d5 2. c4 e6 3. Nc3 Nf6 4. cxd5 exd5 5. Bg5 Be7 6. e3 0-0 7. Bd3 Nbd7 8. Nge2 Re8 9. Qc2 c6 10. 0-0 h6 11. Bf4 Nf8 12. h3 Ne6 13. Bg3 Bd6 14. Bxd6 Qxd6 15. Ng3 Ng5 16. Rae1 Bd7 17. Bf5 1/2-1/2

[Event "Voronezh Zagorovsky Memorial"]
[Site "Voronezh"]
[Date "2014.07.03"]
[Round "3"]
[White "Vinogradov, Anatoly"]
[Black "Artemov, Nikita"]
[Result "1/2-1/2"]
[WhiteElo "2102"]
[BlackElo "2026"]
[PlyCount "73"]
[EventDate "2014.07.01"]
[EventType "swiss"]
[EventRounds "9"]
[EventCountry "RUS"]
[SourceTitle "CBM 161 Extra"]
[Source "ChessBase"]
[SourceDate "2014.08.29"]
[SourceVersion "1"]
[SourceVersionDate "2014.08.29"]
[SourceQuality "1"]

1. d4 Nf6 2. c4 c5 3. d5 e6 4. Nc3 exd5 5. cxd5 d6 6. Nf3 g6 7. Bf4 Nh5 8. Bg5 Qa5 9. Qc2 Bf5 10. e4 Bg4 11. Bb5+ Nd7 12. Nd2 h6 13. h3 Be2 14. Nb3 Qc7 15. Bd2 Bxb5 16. Nxb5 Qd8 17. a4 a6 18. Nc3 Bg7 19. Be3 0-0 20. 0-0 Ne5 21. Nd2 f5 22. exf5 gxf5 23. Qd1 Qe8 24. Nf3 f4 25. Bd2 Qg6 26. Nh4 Qg5 27. Nf3 Qe7 28. Re1 Rf5 29. Nxe5 Bxe5 30. Qf3 Qf7 31. Ne4 Qxd5 32. Rad1 Bd4 33. Bc3 Kh8 34. Bxd4+ cxd4 35. Nd2 Rg8 36. Qxd5 Rxd5 37. Nf3 1/2-1/2

[Event "Voronezh op-A 18th"]
[Site "Voronezh"]
[Date "2014.06.20"]
[Round "8"]
[White "Vinogradov, Anatoly"]
[Black "Grigorian, Vardan"]
[Result "0-1"]
[WhiteElo "2102"]
[BlackElo "2299"]
[PlyCount "66"]
[EventDate "2014.06.12"]
[EventType "swiss"]
[EventRounds "9"]
[EventCountry "RUS"]
[SourceTitle "CBM 160 Extra"]
[Source "ChessBase"]
[SourceDate "2014.07.01"]
[SourceVersion "1"]
[SourceVersionDate "2014.07.01"]
[SourceQuality "1"]

1. d4 d5 2. c4 c6 3. cxd5 cxd5 4. Bf4 Nc6 5. e3 Nf6 6. Bd3 g6 7. Ne2 Bg7 8. Nbc3 a6 9. 0-0 0-0 10. h3 b5 11. Rc1 Bb7 12. a3 Rc8 13. b4 Re8 14. Qb3 e5 15. dxe5 Nxe5 16. Bb1 Nc4 17. Rcd1 Nh5 18. Ne4 Qb6 19. Nc5 Rxc5 20. bxc5 Qxc5 21. Bd3 Nxa3 22. Bh2 Nc4 23. Kh1 a5 24. Nd4 Ba6 25. Qa2 a4 26. Rc1 Nf6 27. Rfd1 Nd7 28. Be2 Ndb6 29. Nb3 axb3 30. Qxa6 b2 31. Rb1 Na3 32. Bd6 Qxd6 33. Bxb5 Ra8 0-1

[Event "Voronezh op-A 18th"]
[Site "Voronezh"]
[Date "2014.06.13"]
[Round "2"]
[White "Vinogradov, Anatoly"]
[Black "Chigaev, Maksim"]
[Result "0-1"]
[WhiteElo "2102"]
[BlackElo "2496"]
[PlyCount "76"]
[EventDate "2014.06.12"]
[EventType "swiss"]
[EventRounds "9"]
[EventCountry "RUS"]
[SourceTitle "CBM 160 Extra"]
[Source "ChessBase"]
[SourceDate "2014.07.01"]
[SourceVersion "1"]
[SourceVersionDate "2014.07.01"]
[SourceQuality "1"]

1. d4 Nf6 2. c4 g6 3. Nc3 Bg7 4. e4 d6 5. Be2 0-0 6. Be3 Na6 7. Nf3 e5 8. d5 Ng4 9. Bg5 f6 10. Bh4 g5 11. Bg3 Nh6 12. Nd2 Bd7 13. 0-0 c5 14. dxc6 bxc6 15. Nb3 Be6 16. c5 Nxc5 17. Nxc5 dxc5 18. f3 Rb8 19. Qc2 g4 20. Bf2 gxf3 21. Bxf3 c4 22. Bxa7 Rb7 23. Bc5 Rff7 24. h3 Bf8 25. Be3 Rfd7 26. Rad1 Qa5 27. Kh2 Qb4 28. Bc1 Nf7 29. Bg4 Bxg4 30. hxg4 Qe7 31. Qe2 Qe6 32. Qf3 Bh6 33. Qxf6 Qxf6 34. Rxf6 Rxd1 35. Nxd1 Bxc1 36. Rxc6 Bxb2 37. Ne3 c3 38. Nf5 Rb8 0-1

[Event "Voronezh Rating op 10"]
[Site "Voronezh"]
[Date "2013.10.02"]
[Round "1"]
[White "Rodionov, Roman"]
[Black "Vinogradov, Anatoly"]
[Result "0-1"]
[WhiteElo "1849"]
[BlackElo "2097"]
[PlyCount "52"]
[EventDate "2013.10.02"]
[EventType "swiss"]
[EventRounds "7"]
[EventCountry "RUS"]
[SourceTitle "EXT 2015"]
[Source "ChessBase"]
[SourceDate "2014.11.20"]
[SourceVersion "1"]
[SourceVersionDate "2014.11.20"]
[SourceQuality "1"]

1. e4 e6 2. d4 d5 3. Nc3 Nf6 4. Bg5 Bb4 5. exd5 Qxd5 6. Bxf6 Bxc3+ 7. bxc3 gxf6 8. Nf3 c5 9. dxc5 Qxc5 10. Qd4 Nd7 11. 0-0-0 e5 12. Qxc5 Nxc5 13. Bb5+ Ke7 14. Rhe1 Be6 15. a3 a6 16. Bf1 Rac8 17. Nd4 Na4 18. Nxe6 fxe6 19. c4 Nc5 20. Re3 Rhg8 21. Rh3 Rg7 22. Re1 Rd8 23. Bd3 Rd4 24. Rxh7 Nxd3+ 25. cxd3 Rxh7 26. h3 Rxd3 0-1